000 01918nam0a2200313 i 4500
001 RU\NLR\BIBL_A\011312956
005 20260405212208.0
010 _a9785434306072
_9200
021 _aRU
_b2016-96882
_96425
035 _a(NLR Aleph) 011312956
090 _a11031304
_c11031304
100 _a20170120d2016 u y0rusy50 ca
101 0 _arus
102 _aRU
105 _ay z 000zy
200 1 _aОбщественное здоровье и здравоохранение: актуальные проблемы
_eколлективная монография
_e[сборник статей]
_fМ-во образования и науки РФ, Федер. гос. бюджет. образоват. учреждение высш. образования "Тамб. гос. ун-т им. Г.Р. Державина", Каф. обществ. здоровья и здравоохранения
_g[отв. ред.: к.м.н. Чернышев Андрей Валентинович]
210 _aТамбов
_cБизнес-Наука-Общество
_d2016
215 _a166 с.
_cил.
_d20
606 _aЗдоровье
_yРоссийская Федерация
_92097786
_3RU\NLR\AUTH\661269094
606 1 _aЗдравоохранение
_yРоссийская Федерация
_92079637
_3RU\NLR\AUTH\661255528
686 1 _aР11(2)0
686 1 _aР11(2)
702 1 _4340
_8rus
_7ca
_aЧернышев
_bА. В.
_cканд. мед. наук
_f1970-
_gАндрей Валентинович
_3RU\NLR\AUTH\7795301
_978227
712 0 2 _4570
_aТамбовский государственный университет им. Г. Р. Державина
_bМедицинский институт
_bКафедра общественного здоровья и здравоохранения
_9545774
_3RU\NLR\AUTH\880440815
942 _cBOOK
980 _aNBR